[Event "Montreal Mercredi 11"]
[Site "Montreal CAN"]
[Date "2008.11.26"]
[Round "2"]
[White "Serra, Luc"]
[Black "Monga, Alain"]
[Result "1-0"]
[WhiteElo "1661"]
[BlackElo "1611"]
[PlyCount "43"]
[GameId "2160767910294345"]
[EventDate "2008.11.19"]
[EventType "tourn"]
[EventRounds "5"]
[EventCountry "CAN"]
[SourceTitle "EXT 2011"]
[Source "ChessBase"]
[SourceDate "2011.11.26"]
[SourceVersion "1"]
[SourceVersionDate "2011.11.26"]
[SourceQuality "1"]

1. e4 c6 2. d4 d5 3. e5 e6 4. Nf3 Nd7 5. Bd3 c5 6. c3 Qb6 7. O-O Ne7 8. Qe2 Nc6 9. dxc5 Bxc5 10. b4 Be7 11. Na3 a6 12. Nc2 Qc7 13. Bf4 g5 14. Bxg5 Ncxe5 15. Bxe7 Kxe7 16. Nxe5 Nxe5 17. f4 Nxd3 18. Qxd3 Bd7 19. Nd4 Rac8 20. Rac1 Qc4 21. Qe3 Kd6 22. Qe5+ 1-0

[Event "Montreal Mercredi 11"]
[Site "Montreal CAN"]
[Date "2008.12.03"]
[Round "3"]
[White "Cote, Philippe"]
[Black "Lamouche, Andre"]
[Result "1-0"]
[WhiteElo "1731"]
[BlackElo "1732"]
[PlyCount "84"]
[GameId "2160767910294346"]
[EventDate "2008.11.19"]
[EventType "tourn"]
[EventRounds "5"]
[EventCountry "CAN"]
[SourceTitle "EXT 2011"]
[Source "ChessBase"]
[SourceDate "2011.11.26"]
[SourceVersion "1"]
[SourceVersionDate "2011.11.26"]
[SourceQuality "1"]

1. e4 c5 2. Nf3 d6 3. d4 cxd4 4. Nxd4 Nf6 5. Nc3 a6 6. Bc4 e6 7. Bb3 b5 8. O-O b4 9. Na4 Bb7 10. Re1 Be7 11. c3 bxc3 12. Nxc3 O-O 13. Bxe6 fxe6 14. Nxe6 Qd7 15. Nxf8 Kxf8 16. Bg5 Nc6 17. f4 Qd8 18. Bxf6 Bxf6 19. Nd5 Bd4+ 20. Kh1 Rc8 21. Rc1 Ba7 22. Qh5 Kg8 23. Rc3 Qe8 24. Qg5 Qd8 25. Rxc6 Bxc6 26. Qxd8+ Rxd8 27. Ne7+ Kf7 28. Nxc6 Rd7 29. e5 dxe5 30. Nxe5+ Ke6 31. Nxd7+ Kxd7 32. g3 Kd6 33. Kg2 Bb6 34. Kf3 Ba5 35. Rd1+ Kc6 36. h3 Bc7 37. g4 Bb6 38. a3 Ba7 39. f5 Bb6 40. g5 Kb5 41. f6 gxf6 42. gxf6 Bc5 1-0

[Event "Montreal Mercredi 11"]
[Site "Montreal CAN"]
[Date "2008.12.03"]
[Round "3"]
[White "Dardoura, Khaled"]
[Black "Bolduc, Rene"]
[Result "1-0"]
[WhiteElo "1456"]
[BlackElo "1513"]
[PlyCount "65"]
[GameId "2160767910294347"]
[EventDate "2008.11.19"]
[EventType "tourn"]
[EventRounds "5"]
[EventCountry "CAN"]
[SourceTitle "EXT 2011"]
[Source "ChessBase"]
[SourceDate "2011.11.26"]
[SourceVersion "1"]
[SourceVersionDate "2011.11.26"]
[SourceQuality "1"]

1. d4 d5 2. c4 dxc4 3. Nf3 Nf6 4. e3 Bg4 5. Bxc4 e6 6. Nc3 c6 7. O-O Be7 8. Re1 O-O 9. e4 Nbd7 10. Be3 c5 11. Qe2 a6 12. dxc5 Ne5 13. b4 Qc7 14. h3 Nxf3+ 15. gxf3 Bh5 16. Bd2 Rfd8 17. Qe3 b6 18. Kg2 bxc5 19. b5 Rd4 20. Qe2 Qe5 21. Be3 Bd6 22. Rh1 Bxf3+ 23. Kxf3 Nxe4 24. Bxd4 Ng5+ 25. Kg2 Qxd4 26. Qd3 Qf4 27. Ne2 Qf6 28. Qxd6 Qf3+ 29. Kg1 Ne4 30. Qf4 Qxf4 31. Nxf4 axb5 32. Bxb5 h6 33. Bc6 1-0

[Event "Montreal Mercredi 11"]
[Site "Montreal CAN"]
[Date "2008.12.03"]
[Round "3"]
[White "Guindon, Alex"]
[Black "Fortin-Lavoie, Patrice"]
[Result "0-1"]
[WhiteElo "1431"]
[BlackElo "1425"]
[PlyCount "54"]
[GameId "2160767910294348"]
[EventDate "2008.11.19"]
[EventType "tourn"]
[EventRounds "5"]
[EventCountry "CAN"]
[SourceTitle "EXT 2011"]
[Source "ChessBase"]
[SourceDate "2011.11.26"]
[SourceVersion "1"]
[SourceVersionDate "2011.11.26"]
[SourceQuality "1"]

1. d4 Nf6 2. Nf3 g6 3. Bf4 Bg7 4. e3 O-O 5. Be2 c5 6. c3 Nh5 7. Be5 f6 8. Bxb8 Rxb8 9. g4 cxd4 10. Nxd4 Nf4 11. exf4 e5 12. fxe5 fxe5 13. Bc4+ d5 14. Ne2 dxc4 15. Qxd8 Rxd8 16. h3 Bh6 17. O-O Be6 18. Ng3 Rd3 19. Na3 a6 20. Rfe1 Bf4 21. Kg2 Bd5+ 22. Ne4 Rf8 23. Re2 Bh6 24. Kf1 Rxh3 25. Kg1 Rf4 26. Ng3 Rxg4 27. Rxe5 Rh1# 0-1

[Event "Montreal Mercredi 11"]
[Site "Montreal CAN"]
[Date "2008.12.03"]
[Round "3"]
[White "Lalonde, Paul"]
[Black "Giroux, Robert"]
[Result "0-1"]
[WhiteElo "1915"]
[BlackElo "1987"]
[PlyCount "92"]
[GameId "2160767910294349"]
[EventDate "2008.11.19"]
[EventType "tourn"]
[EventRounds "5"]
[EventCountry "CAN"]
[SourceTitle "EXT 2011"]
[Source "ChessBase"]
[SourceDate "2011.11.26"]
[SourceVersion "1"]
[SourceVersionDate "2011.11.26"]
[SourceQuality "1"]

1. d4 g6 2. e4 Bg7 3. Nc3 c5 4. Be3 cxd4 5. Bxd4 Nf6 6. Nd5 O-O 7. Nxf6+ exf6 8. Qd2 Re8 9. Bd3 d5 10. O-O-O Nc6 11. Be3 dxe4 12. Bb5 Bg4 13. Ne2 Qc7 14. h3 Red8 15. Qc3 Bxe2 16. Bxe2 f5 17. Qc4 b5 18. Qc5 a6 19. Qb6 Qe5 20. c3 Rdc8 21. Rd7 Qe6 22. Rc7 Rxc7 23. Qxc7 Ne7 24. Rd1 Nd5 25. Qb7 Rd8 26. Bb6 Bh6+ 27. Kb1 Rd7 28. Qc8+ Kg7 29. Bd4+ f6 30. c4 bxc4 31. Bxc4 Qe7 32. Bc5 Nc3+ 33. bxc3 Rxd1+ 34. Kc2 Qd8 35. Qxd8 Rxd8 36. Bxa6 Ra8 37. Bb7 Rxa2+ 38. Kb3 Ra1 39. Kc4 Rb1 40. Bc6 Re1 41. Kd5 f4 42. Ke6 e3 43. fxe3 fxe3 44. Bd4 Rf1 45. Bd7 Rf2 46. Bxe3 Bxe3 0-1

[Event "Montreal Mercredi 11"]
[Site "Montreal CAN"]
[Date "2008.12.03"]
[Round "3"]
[White "Luo, Zhao Yang"]
[Black "Serra, Luc"]
[Result "1/2-1/2"]
[WhiteElo "1651"]
[BlackElo "1661"]
[PlyCount "78"]
[GameId "2160767910294350"]
[EventDate "2008.11.19"]
[EventType "tourn"]
[EventRounds "5"]
[EventCountry "CAN"]

1. d4 d5 2. c4 Nc6 3. Nf3 Bg4 4. Bf4 Bxf3 5. exf3 dxc4 6. d5 Nb8 7. Bxc4 Nf6 8. Qb3 Nbd7 9. d6 e6 10. dxc7 Qc8 11. Nc3 a6 12. Bxe6 fxe6 13. Qxe6+ Be7 14. Bd6 Ng8 15. Nd5 Ndf6 16. Qxc8+ Rxc8 17. Nb6 Bxd6 18. Nxc8 Bxc7 19. Rc1 Kd7 20. Na7 Ne7 21. Ke2 Ra8 22. Rhd1+ Nfd5 23. Nb5 axb5 24. Rc5 Kd6 25. Rxb5 Kc6 26. Rb3 Ra5 27. Rc1+ Rc5 28. Rxc5+ Kxc5 29. Rxb7 Nf4+ 30. Kf1 Kc6 31. Rb3 Ned5 32. g3 Ne6 33. Rd3 Bb6 34. a3 Nc5 35. Rd4 Nb3 36. Rd3 Nc5 37. Rd1 Nb3 38. Rd3 Nc5 39. Rd1 Nb3 1/2-1/2

[Event "Montreal Mercredi 11"]
[Site "Montreal CAN"]
[Date "2008.12.03"]
[Round "3"]
[White "Marquis, Gerald"]
[Black "Gauthier, Luc"]
[Result "0-1"]
[WhiteElo "1542"]
[BlackElo "1631"]
[PlyCount "100"]
[GameId "2160767910294351"]
[EventDate "2008.11.19"]
[EventType "tourn"]
[EventRounds "5"]
[EventCountry "CAN"]
[SourceTitle "EXT 2011"]
[Source "ChessBase"]
[SourceDate "2011.11.26"]
[SourceVersion "1"]
[SourceVersionDate "2011.11.26"]
[SourceQuality "1"]

1. e4 Nf6 2. e5 Nd5 3. c4 Nb6 4. d4 d6 5. Bf4 Nc6 6. Nc3 Bf5 7. Be2 dxe5 8. dxe5 e6 9. Qxd8+ Rxd8 10. Rd1 Bb4 11. Rxd8+ Kxd8 12. Nf3 Na5 13. Nd2 Bxc3 14. bxc3 Ke7 15. O-O Rd8 16. Bg5+ f6 17. exf6+ gxf6 18. Be3 Bd3 19. Bxd3 Rxd3 20. c5 Nd5 21. Nb3 Nxb3 22. axb3 Nxe3 23. fxe3 Rxc3 24. b4 Rxe3 25. Rf4 Re5 26. Rh4 h5 27. Kf2 Kf7 28. Rd4 Rd5 29. Rc4 c6 30. Ke3 e5 31. Ke4 Ke6 32. Ke3 f5 33. Rh4 f4+ 34. Kf3 Rd3+ 35. Ke2 Rb3 36. Rxh5 Rxb4 37. Kd3 Kd5 38. Kc3 Rc4+ 39. Kb3 Rxc5 40. Rh7 Rb5+ 41. Kc3 e4 42. Rh5+ Ke6 43. Rh6+ Kf5 44. Kd4 e3 45. Kd3 a5 46. Rh8 Rd5+ 47. Ke2 Rd2+ 48. Ke1 Rxg2 49. Rf8+ Ke4 50. Re8+ Kf3 0-1

[Event "Montreal Mercredi 11"]
[Site "Montreal CAN"]
[Date "2008.12.03"]
[Round "3"]
[White "Monga, Alain"]
[Black "Baran, Marius"]
[Result "0-1"]
[WhiteElo "1611"]
[BlackElo "1684"]
[PlyCount "46"]
[GameId "2160767910294352"]
[EventDate "2008.11.19"]
[EventType "tourn"]
[EventRounds "5"]
[EventCountry "CAN"]
[SourceTitle "EXT 2011"]
[Source "ChessBase"]
[SourceDate "2011.11.26"]
[SourceVersion "1"]
[SourceVersionDate "2011.11.26"]
[SourceQuality "1"]

1. e4 c5 2. Nf3 e6 3. d4 cxd4 4. Nxd4 a6 5. Bc4 Qc7 6. Bb3 Nf6 7. f3 Bd6 8. g3 Bc5 9. Be3 O-O 10. Qe2 d5 11. Nd2 e5 12. Nf5 Bxf5 13. exf5 d4 14. Bg5 Nbd7 15. Ne4 Bb4+ 16. Kf2 Qb6 17. Kg2 Qc6 18. Nxf6+ Nxf6 19. Qxe5 Rae8 20. Qf4 Re2+ 21. Kh3 Bd6 22. Qxd4 Qxf3 23. Bxf6 Rxh2+ 0-1

[Event "Montreal Mercredi 11"]
[Site "Montreal CAN"]
[Date "2008.12.03"]
[Round "3"]
[White "Poschmann, Jeremie"]
[Black "Plante, Michel"]
[Result "1-0"]
[WhiteElo "1889"]
[BlackElo "2064"]
[PlyCount "83"]
[GameId "2160767739119975"]
[EventDate "2008.11.19"]
[EventType "tourn"]
[EventRounds "5"]
[EventCountry "CAN"]
[SourceTitle "EXT 2011"]
[Source "ChessBase"]
[SourceDate "2011.11.26"]
[SourceVersion "1"]
[SourceVersionDate "2011.11.26"]
[SourceQuality "1"]

1. d4 d5 2. c4 e6 3. cxd5 exd5 4. Bf4 c6 5. Nf3 Qb6 6. Qb3 Bf5 7. Nc3 Qxb3 8. axb3 Nd7 9. e3 Ngf6 10. Nd2 Nh5 11. Bg3 Bb4 12. Be2 Nxg3 13. hxg3 O-O 14. g4 Bg6 15. f4 f6 16. f5 Bf7 17. Bd3 Rfe8 18. Kf2 c5 19. Nf3 cxd4 20. exd4 a6 21. Ne2 h6 22. Nf4 Nf8 23. Ng1 Re7 24. Nge2 Rae8 25. Nc3 Bxc3 26. bxc3 Rc7 27. Rhc1 Rec8 28. Ne2 h5 29. gxh5 Bxh5 30. c4 dxc4 31. bxc4 Bf7 32. c5 g5 33. Be4 Nd7 34. Rcb1 Rb8 35. Nc3 Kg7 36. Nd5 Rcc8 37. Nb6 Rd8 38. Ke3 Be8 39. Nc4 Bf7 40. Nd6 b6 41. Nxf7 Kxf7 42. c6 {...} 1-0

[Event "Montreal Mercredi 11"]
[Site "Montreal CAN"]
[Date "2008.12.03"]
[Round "3"]
[White "Savard, Alain"]
[Black "Tremblay, Sigfrid"]
[Result "0-1"]
[WhiteElo "1756"]
[BlackElo "1779"]
[PlyCount "48"]
[GameId "2160767910294353"]
[EventDate "2008.11.19"]
[EventType "tourn"]
[EventRounds "5"]
[EventCountry "CAN"]
[SourceTitle "EXT 2011"]
[Source "ChessBase"]
[SourceDate "2011.11.26"]
[SourceVersion "1"]
[SourceVersionDate "2011.11.26"]
[SourceQuality "1"]

1. e4 e5 2. Nf3 Nc6 3. Bc4 Nf6 4. Ng5 d5 5. exd5 Na5 6. d3 h6 7. Nf3 e4 8. Qe2 Nxc4 9. dxc4 Bc5 10. c3 b5 11. b4 Be7 12. Nd4 bxc4 13. Nc6 Qxd5 14. Nxe7 Kxe7 15. Be3 Rd8 16. Bc5+ Ke8 17. Na3 Qd3 18. Qxd3 cxd3 19. h3 a5 20. Nc4 axb4 21. Bxb4 Be6 22. Na5 c5 23. Bxc5 Rxa5 24. Bb6 d2+ 0-1

[Event "Montreal Mercredi 11"]
[Site "Montreal CAN"]
[Date "2008.12.10"]
[Round "4"]
[White "Baran, Marius"]
[Black "Gauthier, Luc"]
[Result "1/2-1/2"]
[WhiteElo "1684"]
[BlackElo "1631"]
[PlyCount "70"]
[GameId "2160767910294355"]
[EventDate "2008.11.19"]
[EventType "tourn"]
[EventRounds "5"]
[EventCountry "CAN"]
[SourceTitle "EXT 2011"]
[Source "ChessBase"]
[SourceDate "2011.11.26"]
[SourceVersion "1"]
[SourceVersionDate "2011.11.26"]
[SourceQuality "1"]

1. d4 d5 2. c4 Nc6 3. Nf3 Bg4 4. e3 e5 5. dxe5 d4 6. Be2 Bb4+ 7. Kf1 d3 8. Qxd3 Qxd3 9. Bxd3 Bxf3 10. gxf3 Nxe5 11. Be2 a5 12. a3 Be7 13. Nc3 Nf6 14. f4 Ned7 15. e4 Nc5 16. Bf3 Nb3 17. Rb1 Nxc1 18. Rxc1 c6 19. Ke2 O-O-O 20. Rcd1 Rxd1 21. Rxd1 Rd8 22. Rxd8+ Kxd8 23. e5 Nd7 24. Ne4 Nc5 25. f5 Nxe4 26. Bxe4 Bc5 27. f4 a4 28. Kd3 Bg1 29. h3 Bh2 30. Ke3 Bg1+ 31. Kd3 Bh2 32. f6 gxf6 33. exf6 h6 34. Ke3 Bg1+ 35. Kd3 Bh2 1/2-1/2

[Event "Montreal Mercredi 11"]
[Site "Montreal CAN"]
[Date "2008.12.10"]
[Round "4"]
[White "Crezegut, Anthony"]
[Black "Lamouche, Andre"]
[Result "1/2-1/2"]
[WhiteElo "1843"]
[BlackElo "1732"]
[PlyCount "72"]
[GameId "2160767910294356"]
[EventDate "2008.11.19"]
[EventType "tourn"]
[EventRounds "5"]
[EventCountry "CAN"]
[SourceTitle "EXT 2011"]
[Source "ChessBase"]
[SourceDate "2011.11.26"]
[SourceVersion "1"]
[SourceVersionDate "2011.11.26"]
[SourceQuality "1"]

1. d4 Nf6 2. Nf3 g6 3. c4 Bg7 4. Nc3 d6 5. e4 O-O 6. h3 c5 7. d5 a6 8. a4 e6 9. Bd3 Qc7 10. O-O e5 11. Be3 Ne8 12. g4 f5 13. gxf5 gxf5 14. exf5 Bxf5 15. Bxf5 Rxf5 16. Ng5 Qe7 17. Nce4 Nf6 18. Ng3 Rf4 19. Bxf4 exf4 20. Re1 Qd7 21. N3e4 Nxe4 22. Rxe4 Be5 23. Qg4 Qxg4+ 24. hxg4 Nd7 25. Re2 Nf6 26. f3 b5 27. axb5 Re8 28. Ne4 Nxe4 29. Rxe4 axb5 30. cxb5 Rb8 31. Re2 Rxb5 32. Rb1 c4 33. Rc2 c3 34. b4 Kf7 35. Kf1 Ke7 36. Ra2 Rxd5 1/2-1/2

[Event "Montreal Mercredi 11"]
[Site "Montreal CAN"]
[Date "2008.12.10"]
[Round "4"]
[White "Giroux, Robert"]
[Black "Morin, Louis"]
[Result "0-1"]
[WhiteElo "1987"]
[BlackElo "1896"]
[PlyCount "84"]
[GameId "2160767910294357"]
[EventDate "2008.11.19"]
[EventType "tourn"]
[EventRounds "5"]
[EventCountry "CAN"]
[SourceTitle "EXT 2011"]
[Source "ChessBase"]
[SourceDate "2011.11.26"]
[SourceVersion "1"]
[SourceVersionDate "2011.11.26"]
[SourceQuality "1"]

1. e4 e5 2. Nf3 d6 3. d4 Nf6 4. dxe5 Nxe4 5. Qd5 Nc5 6. Bg5 Be6 7. Bxd8 Bxd5 8. Bxc7 Bxf3 9. gxf3 dxe5 10. Bb5+ Nc6 11. Bxe5 f6 12. Bc3 O-O-O 13. Bxc6 bxc6 14. Nd2 Re8+ 15. Kf1 Na4 16. Bd4 c5 17. Be3 Nxb2 18. Rb1 Na4 19. Rb5 Nc3 20. Ra5 Kb7 21. Nc4 Rc8 22. Kg2 a6 23. Bd2 Nd5 24. Rb1+ Ka7 25. Na3 Nb4 26. Ra4 Rc6 27. c3 Nd5 28. Nb5+ Kb7 29. Nd6+ Ka7 30. Nf7 Rg8 31. Nd8 Rb6 32. Rxb6 Kxb6 33. Ne6 Bd6 34. Rg4 g6 35. c4 f5 36. Rh4 Nf6 37. Bg5 Nh5 38. Nf4 Nxf4+ 39. Bxf4 Bxf4 40. Rxf4 Ka5 41. h4 h5 42. Kg3 Kb4 0-1

[Event "Montreal Mercredi 11"]
[Site "Montreal CAN"]
[Date "2008.12.10"]
[Round "4"]
[White "Guindon, Alex"]
[Black "Bergeron, Rene"]
[Result "1-0"]
[WhiteElo "1431"]
[BlackElo "1526"]
[PlyCount "98"]
[GameId "2160767739119976"]
[EventDate "2008.11.19"]
[EventType "tourn"]
[EventRounds "5"]
[EventCountry "CAN"]
[SourceTitle "EXT 2011"]
[Source "ChessBase"]
[SourceDate "2011.11.26"]
[SourceVersion "1"]
[SourceVersionDate "2011.11.26"]
[SourceQuality "1"]

1. d4 d5 2. Nf3 Nf6 3. Bf4 e6 4. e3 Bd6 5. Ne5 O-O 6. Bd3 Nbd7 7. O-O Qe7 8. Nd2 c5 9. c3 a6 10. Re1 Re8 11. h3 Nf8 12. Ndf3 Nh5 13. Bh2 f6 14. Ng4 Bxh2+ 15. Nfxh2 Bd7 16. Nh6+ gxh6 17. Qxh5 c4 18. Bc2 e5 19. dxe5 Qxe5 20. Qxh6 Re7 21. Nf3 Qd6 22. Qf4 Qxf4 23. exf4 Rae8 24. Kf1 Ne6 25. g3 Nc5 26. g4 h5 27. Bg6 Rxe1+ 28. Nxe1 Re7 29. Bxh5 Kg7 30. Rd1 Bc6 31. f3 Ne6 32. Ng2 Nc5 33. Re1 Rc7 34. g5 Nd3 35. Re2 b5 36. Bg4 b4 37. Bf5 Nc1 38. Re1 Nxa2 39. cxb4 Nxb4 40. Rd1 Re7 41. Kf2 Bd7 42. Ne3 Bc6 43. h4 Re8 44. h5 fxg5 45. fxg5 Rf8 46. h6+ Kf7 47. g6+ Kf6 48. g7 Re8 49. Rg1 d4 {...} 1-0

[Event "Montreal Mercredi 11"]
[Site "Montreal CAN"]
[Date "2008.12.10"]
[Round "4"]
[White "Monga, Alain"]
[Black "Luo, Zhao Yang"]
[Result "0-1"]
[WhiteElo "1611"]
[BlackElo "1651"]
[PlyCount "56"]
[GameId "2160767910294358"]
[EventDate "2008.11.19"]
[EventType "tourn"]
[EventRounds "5"]
[EventCountry "CAN"]

1. e4 c6 2. d4 d5 3. f3 e6 4. c4 Bb4+ 5. Nc3 dxe4 6. fxe4 Qh4+ 7. Kd2 Qxe4 8. Nf3 Nf6 9. Bd3 Qf4+ 10. Kc2 Qc7 11. Bg5 Nbd7 12. Ne4 Be7 13. Qe2 h6 14. Bh4 O-O 15. Raf1 Re8 16. Ne5 Nxe4 17. Qxe4 f5 18. Rxf5 exf5 19. Qxf5 Nf6 20. Qg6 Be6 21. Rf1 Kf8 22. Qh7 Bg8 23. Qf5 Red8 24. Qh5 Rxd4 25. Ng6+ Ke8 26. Bxf6 Bxf6 27. Re1+ Kd8 28. Qc5 Qd6 0-1

[Event "Montreal Mercredi 11"]
[Site "Montreal CAN"]
[Date "2008.12.10"]
[Round "4"]
[White "Poschmann, Jeremie"]
[Black "Lalonde, Paul"]
[Result "0-1"]
[WhiteElo "1889"]
[BlackElo "1915"]
[PlyCount "122"]
[GameId "2160767910294360"]
[EventDate "2008.11.19"]
[EventType "tourn"]
[EventRounds "5"]
[EventCountry "CAN"]
[SourceTitle "EXT 2011"]
[Source "ChessBase"]
[SourceDate "2011.11.26"]
[SourceVersion "1"]
[SourceVersionDate "2011.11.26"]
[SourceQuality "1"]

1. d4 d5 2. c4 dxc4 3. e3 Nf6 4. Bxc4 e6 5. Nf3 c5 6. O-O Nc6 7. Nc3 Be7 8. a3 O-O 9. Ne2 a6 10. dxc5 Bxc5 11. Qc2 Qe7 12. b4 Ba7 13. Bb2 b5 14. Ba2 Bb7 15. Bb1 g6 16. Qc3 Kg7 17. Ne5 Nxe5 18. Qxe5 Rac8 19. Ng3 h6 20. Ne4 Bxe4 21. Qxe4 Rfd8 22. Qf3 Bb8 23. Be4 e5 24. Rfd1 Nxe4 25. Qxe4 Rc4 26. Qa8 Rxd1+ 27. Rxd1 Rc2 28. Qxb8 Rxb2 29. Qb6 Qf6 30. Qxf6+ Kxf6 31. g3 Ke6 32. Rc1 Kd5 33. Kg2 Rb3 34. Ra1 e4 35. a4 Rxb4 36. axb5 axb5 37. Ra7 Ke6 38. Ra6+ Ke5 39. Rb6 Rb2 40. h4 f6 41. g4 h5 42. gxh5 gxh5 43. Rc6 Kf5 44. Kg3 b4 45. f3 exf3 46. Kxf3 b3 47. e4+ Ke5 48. Rc5+ Kd4 49. Rxh5 Rh2 50. Rb5 Kc3 51. Kg4 b2 52. Kf5 Rxh4 53. Rb7 Rh7 54. Rb8 Re7 55. Kf4 Rc7 56. Kf3 Kc2 57. Kf4 b1=Q 58. Rxb1 Kxb1 59. Kf5 Rc6 60. e5 fxe5 61. Kxe5 Kc2 0-1

[Event "Montreal Mercredi 11"]
[Site "Montreal CAN"]
[Date "2008.12.10"]
[Round "4"]
[White "Tremblay, Sigfrid"]
[Black "Cote, Philippe"]
[Result "1-0"]
[WhiteElo "1779"]
[BlackElo "1731"]
[PlyCount "81"]
[GameId "2160767910294362"]
[EventDate "2008.11.19"]
[EventType "tourn"]
[EventRounds "5"]
[EventCountry "CAN"]
[SourceTitle "EXT 2011"]
[Source "ChessBase"]
[SourceDate "2011.11.26"]
[SourceVersion "1"]
[SourceVersionDate "2011.11.26"]
[SourceQuality "1"]

1. e4 g6 2. d4 Bg7 3. Nc3 d6 4. Be3 a6 5. a4 b6 6. Qd2 Nd7 7. Bc4 e6 8. Nge2 h6 9. Nf4 Qe7 10. O-O Bb7 11. Rfe1 Rd8 12. Qe2 c5 13. Rad1 cxd4 14. Bxd4 Bxd4 15. Rxd4 Ne5 16. Bxa6 Nf6 17. Bxb7 Qxb7 18. Qb5+ Qc6 19. Rb4 O-O 20. Qxc6 Nxc6 21. Rxb6 Nd4 22. Rd1 e5 23. Nfd5 Nxd5 24. Nxd5 Nxc2 25. Rc1 Nd4 26. Kf1 Kg7 27. Ke1 Rc8 28. Rxc8 Rxc8 29. Nc3 f5 30. a5 fxe4 31. Rxd6 Rb8 32. Rb6 Rd8 33. a6 Nc2+ 34. Ke2 Nd4+ 35. Ke3 Nf5+ 36. Kxe4 Nd6+ 37. Kf3 e4+ 38. Ke2 Nc4 39. Rb7+ Kf6 40. a7 Rd2+ 41. Ke1 1-0

[Event "Montreal Mercredi 11"]
[Site "Montreal CAN"]
[Date "2008.12.17"]
[Round "5"]
[White "Bergeron, Rene"]
[Black "Fortin-Lavoie, Patrice"]
[Result "1-0"]
[WhiteElo "1526"]
[BlackElo "1425"]
[PlyCount "107"]
[GameId "2160767910294363"]
[EventDate "2008.11.19"]
[EventType "tourn"]
[EventRounds "5"]
[EventCountry "CAN"]
[SourceTitle "EXT 2011"]
[Source "ChessBase"]
[SourceDate "2011.11.26"]
[SourceVersion "1"]
[SourceVersionDate "2011.11.26"]
[SourceQuality "1"]

1. e4 c5 2. Nf3 e6 3. c3 b6 4. d4 Bb7 5. d5 Nf6 6. Bg5 h6 7. Bxf6 Qxf6 8. Be2 exd5 9. exd5 Bd6 10. O-O O-O 11. Na3 Na6 12. Nc4 Bb8 13. Re1 Nc7 14. Ne3 b5 15. d6 Ne8 16. Bxb5 Bxd6 17. Nd5 Qd8 18. Qd3 Nc7 19. Bc4 Ne6 20. Rad1 Bc6 21. Qf5 Bb8 22. Bd3 g6 23. Qe4 Ng5 24. Nxg5 Qxg5 25. Ne7+ Kh7 26. Nxc6 dxc6 27. Qxc6 Rd8 28. g3 Bd6 29. Bxg6+ Qxg6 30. Re3 Bf8 31. Qxg6+ fxg6 32. Red3 Re8 33. Rd7+ Re7 34. Rxe7+ Bxe7 35. Rd7 Re8 36. Rxa7 g5 37. a4 Kg6 38. Rb7 Kf5 39. a5 Kg4 40. Kg2 Bf8 41. a6 Ra8 42. a7 c4 43. Rb8 Rxa7 44. Rxf8 Rb7 45. Rc8 Rxb2 46. Rxc4+ Kf5 47. Kf3 Ke5 48. Rc6 Rb3 49. Rxh6 Rxc3+ 50. Kg4 Rc2 51. h4 Ra2 52. Kh5 Ra8 53. Rg6 Kf5 54. g4+ 1-0

[Event "Montreal Mercredi 11"]
[Site "Montreal CAN"]
[Date "2008.12.17"]
[Round "5"]
[White "Dardoura, Khaled"]
[Black "Guindon, Alex"]
[Result "0-1"]
[WhiteElo "1456"]
[BlackElo "1431"]
[PlyCount "148"]
[GameId "2160767910294364"]
[EventDate "2008.11.19"]
[EventType "tourn"]
[EventRounds "5"]
[EventCountry "CAN"]
[SourceTitle "EXT 2011"]
[Source "ChessBase"]
[SourceDate "2011.11.26"]
[SourceVersion "1"]
[SourceVersionDate "2011.11.26"]
[SourceQuality "1"]

1. d4 Nf6 2. c4 g6 3. Nc3 Bg7 4. e4 d6 5. Nf3 O-O 6. Be2 e5 7. O-O Nc6 8. d5 Ne7 9. b4 a5 10. Ba3 axb4 11. Bxb4 Nd7 12. Ne1 f5 13. f3 Bh6 14. Nd3 Be3+ 15. Kh1 b6 16. Nb5 Nc5 17. Nxc5 Bxc5 18. Bxc5 bxc5 19. Qe1 Bd7 20. Nc3 Nc8 21. f4 Qf6 22. Qg3 exf4 23. Rxf4 Qe5 24. Raf1 Ne7 25. exf5 Nxf5 26. Qf3 Qe3 27. Qxe3 Nxe3 28. Rxf8+ Rxf8 29. Rxf8+ Kxf8 30. a4 Nc2 31. a5 Nb4 32. Nb5 Ke7 33. Nxc7 Bc8 34. Bd1 Kd8 35. Na8 Ba6 36. Nb6 Nd3 37. Kg1 Ke7 38. Ba4 Kf6 39. Bb5 Nb4 40. Nd7+ Ke7 41. Nb8 Bxb5 42. cxb5 Kd8 43. Kf1 Kc8 44. Nc6 Nxd5 45. Kf2 Nc7 46. b6 Na6 47. Ke3 Kb7 48. Nd8+ Kc8 49. Ne6 Kd7 50. Nf8+ Kc6 51. Kd3 Kb5 52. Nd7 Kxa5 53. Kc4 Nb4 54. b7 Nc6 55. b8=Q Nxb8 56. Nxb8 Kb6 57. Nd7+ Kc6 58. Nf6 h6 59. Nd5 Kd7 60. g4 g5 61. Ne3 Ke6 62. Nf5 Ke5 63. Nxh6 Kf4 64. Kd5 Kf3 65. h4 gxh4 66. g5 h3 67. g6 h2 68. g7 h1=Q 69. g8=Q Qxh6 70. Qf7+ Qf4 71. Qh5+ Ke3 72. Ke6 Qe5+ 73. Qxe5+ dxe5 74. Kxe5 c4 0-1

[Event "Montreal Mercredi 11"]
[Site "Montreal CAN"]
[Date "2008.12.17"]
[Round "5"]
[White "Gauthier, Luc"]
[Black "Serra, Luc"]
[Result "0-1"]
[WhiteElo "1631"]
[BlackElo "1661"]
[PlyCount "46"]
[GameId "2160767910294365"]
[EventDate "2008.11.19"]
[EventType "tourn"]
[EventRounds "5"]
[EventCountry "CAN"]
[SourceTitle "EXT 2011"]
[Source "ChessBase"]
[SourceDate "2011.11.26"]
[SourceVersion "1"]
[SourceVersionDate "2011.11.26"]
[SourceQuality "1"]

1. e4 e6 2. d4 d5 3. e5 c5 4. c3 Nc6 5. Nf3 Nh6 6. Bd3 f6 7. Bxh6 gxh6 8. Nh4 cxd4 9. Qh5+ Kd7 10. Bb5 Qe7 11. O-O fxe5 12. Nf3 Bg7 13. Nxe5+ Bxe5 14. Qxe5 Rg8 15. cxd4 Kd8 16. Bxc6 bxc6 17. Nd2 Rg5 18. Qh8+ Kc7 19. Nf3 Bb7 20. Qxa8 Bxa8 21. Rfe1 Rg6 22. Ne5 Rf6 23. Rac1 Qb4 0-1

[Event "Montreal Mercredi 11"]
[Site "Montreal CAN"]
[Date "2008.12.17"]
[Round "5"]
[White "Lalonde, Paul"]
[Black "Plante, Michel"]
[Result "0-1"]
[WhiteElo "1915"]
[BlackElo "2064"]
[PlyCount "64"]
[GameId "2160767910294366"]
[EventDate "2008.11.19"]
[EventType "tourn"]
[EventRounds "5"]
[EventCountry "CAN"]
[SourceTitle "EXT 2011"]
[Source "ChessBase"]
[SourceDate "2011.11.26"]
[SourceVersion "1"]
[SourceVersionDate "2011.11.26"]
[SourceQuality "1"]

1. e4 d6 2. d4 Nf6 3. Nc3 g6 4. f3 c6 5. Be3 Qb6 6. Qd2 Qxb2 7. Rb1 Qa3 8. Bc4 Bg7 9. e5 dxe5 10. dxe5 Nfd7 11. h3 Qa5 12. e6 fxe6 13. Bxe6 Na6 14. Bd4 Bxd4 15. Qxd4 Nf6 16. Bxc8 Rxc8 17. Rxb7 Rd8 18. Qc4 Nc5 19. Rb4 Nd5 20. Nxd5 Rxd5 21. Kf2 O-O 22. Ne2 Kh8 23. Nd4 Ne4+ 24. Ke2 Rc5 25. Qb3 Nc3+ 26. Kf2 Nd5 27. Rc4 Qd2+ 28. Ne2 Rxc4 29. Qxc4 Qe3+ 30. Kg3 Qg5+ 31. Kf2 Qe3+ 32. Kf1 Rb8 0-1